BIBLIOTHÈQUE DE LA MAISON DU MEXIQUE

Logo 1 Logo 2

Arte antiguo de México (notice nᵒ 9605)

détails MARC
000 -Sello discográfico
campo de control de longitud fija 01077nam a2200385 4500
005 - Identificación de versión
campo de control 20251017062855.0
035 ## - Otros números de control del sistema
Número de control del sistema 4246
099 ## - fechas locales
Tipo de ítem Koha LIBRO
100 ## - Datos de procesamiento general
Datos de procesamiento general 20030808d1950 m y1spay5003 ba
101 1# - Idioma del recurso
Idioma del texto, banda sonora, etc. Español; Castellano
Idioma de la obra original Alemán
105 ## - Campo de datos codificados: Material textual, monográfico
Datos codificados de monografía a 001zy
200 1# - Título y mención de responsabilidad
Título propio Arte antiguo de México
Designación general del material texto impreso
Primer mención de responsabilidad Paul Westheim
Declaración de responsabilidad subsiguiente traducción Mariana Frenk
205 ## - Declaración de edición
Declaración de edición 1a ed
210 ## - Publicación, distribución, etc.
Lugar de publicación, distribución, etc. México
Nombre del editor, distribuidor, etc. Fondo de Cultura Económica
Fecha de publicación, distribución, etc. 1950
215 ## - Descripción física
Designación de material específico y extensión del ítem 356 p
Otras características físicas il.
Dimensiones 24 cm
318 ## - Nota de acción
Acción No se presta a domicilio
345 ## - Nota de información de adquisición
Fuente de adquisición/dirección de la suscripción [OBSOLETO] Donación
606 ## - Término temático usado como materia
Elemento de entrada Indios de México
Subdivisión temática Arte
Número Koha 1594
607 ## - Nombre geográfico utilizado como tema
Elemento de entrada México
Subdivisión temática Antigüedades
Número Koha 1429
660 ## - Código de área geográfica
Código MX
700 ## - Nombre personal - Responsabilidad primaria
Elemento de entrada Westheim
Parte del nombre distinta del elemento de entrada Paul
Fechas 1885-1963
Número Koha 5740
702 ## - Nombre personal - Responsabilidad secundaria
Elemento de entrada Frenk-Westheim
Parte del nombre distinta del elemento de entrada Mariana
Fechas 1898-2004
Número Koha 2945
801 #0 - Fuente de origen
País FR
Agencia cm
Reglas de catalogación (convenciones descriptivas) AFNOR
900 ## -
-- 1/4210
900 ## -
-- 7100315957\080803
942 ## - ELEMENTOS DE ENTRADA SECUNDARIOS (KOHA)
Tipo de ítem Koha Livre
996 ## -
-- MEX
-- 751145101
-- MMAG
-- 002673
-- R709.2 W52A
-- 20120503LIV
Exemplaires
Estatus retirado Estado de daño Estado de pérdida Fecha de adquisición Biblioteca de origen Biblioteca actual Ubicación en estantería Código de barras Precio de reemplazo Signatura topográfica completa No para préstamo Tipo de ítem Koha Nota pública Nota no pública
      05/08/2025 Casa México Paris Casa México Paris   002673 05/08/2025 R709.2 W52A No se presta a domicilio Livre 20120503LIV 751145101